02421cam a2200385 i 450000100090000000300040000900500170001300800410003001000170007102000420008804000280013004100180015804200080017605000240018408200170020808400450022513000350027024501600030525000190046526400320048430000480051633600210056433700250058533800230061049000330063350400690066652009030073565000330163870000370167190600450170894200170175395201260177095201260189699900130202218082654OSt20240309170615.0140326s2014 maua b 001 0 eng  a 2014002345 a9781559394178 (hardback : alk. paper) aDLCbengcDLCerdadDLC1 aenghsanhtib apcc00aBQ3022.E5bB78 201400a294.3/85223 aREL007050aREL007030aREL0070202bisacsh0 aRatnagotravibhāga.lEnglish.10aWhen the clouds part :bthe Uttaratantra and its meditative tradition as a bridge between sutra and tantra /ctranslated and introduced by Karl Brunnholzl. aFirst edition. 1aBoston :bSnow Lion,c2014. axiii, 1334 pages :billustrations ;c24 cm. atext2rdacontent aunmediated2rdamedia avolume2rdacarrier0 aThe Tsadra Foundation series aIncludes bibliographical references (pages 1235-1258) and index. a"A new translation of the primary Indian Buddhist text on Buddha nature, with Tibetan commentaries explaining how this text can be used to contemplate and realize one's own Buddha nature. "Buddha nature" (tathāgatagarbha) is the innate potential in all living beings to become a fully awakened Buddha. The book gives an overview of the sūtra sources of the tathāgatagarbha teachings and the different ways of explaining the meaning of this term. In particular, it includes new translations of the Mahāyānottaratantra (Ratnagotravibhāga), the primary Indian text on the subject, its Indian commentaries, and two (hitherto untranslated) commentaries from the Tibetan Kagyu tradition. Most important, the book investigates in detail the meditative tradition of using the Mahāyānottaratantra as a basis for Mahāmudrā instructions and the Shentong approach"--cProvided by publisher. aMahayana BuddhismxDoctrines1 aBrunnhölzl, Karl,etranslator. a7bcbccorignewd1eecipf20gy-gencatlg 2ddccBOOKn0 00102LCS40708VAJaLINDHOLMEbLINDHOLMEcGENd2024-03-09l0o493.1 WHEp2400024r2024-03-09 17:25:41w2024-03-09yBOOK 00102LCS40708VAJaLINDHOLMEbLINDHOLMEcGENd2024-03-09l0o493.1 WHEp2500156r2025-09-20 20:52:49w2024-03-09yBOOK c254d254